Estadísticas para Mayor Número de Multimillonarios per Cápita

Haz click aquí para tomar la prueba!

Estadísticas generales

  • Esta prueba ha sido tomada 991 veces
    (782 desde el último reinicio)
  • La puntuación promedio es 13 de 20

Estadísticas de respuestas

# per millonesPaís% Correcto
1.74Estados Unidos
96%
1.07Canadá
84%
4.28Suiza
82%
1.38Alemania
81%
106.5Mónaco
80%
3.09Suecia
77%
2.66Noruega
76%
1.27Finlandia
70%
1.35Australia
69%
3.74Singapur
68%
1.04Dinamarca
68%
26.4Liechtenstein
65%
0.91Austria
64%
2.94Islandia
60%
1.68Irlanda
52%
0.96Kuwait
50%
1.32Taiwán
44%
2.07Israel
37%
7.07Chipre
23%
43.3San Cristóbal y Nieves
11%

Distribución de puntuación

Porcentaje por número respondido

Porcentaje de gente con cada puntuación

Historial de tus puntuaciones

No has tomado esta prueba desde el último reinicio